| 000 | 01144nam a2200217Ia 4500 | ||
|---|---|---|---|
| 003 | Ost | ||
| 005 | 20260507075122.0 | ||
| 008 | 260507s9999||||xx |||||||||||||| ||und|| | ||
| 020 | _aX977358108 | ||
| 040 | _cfsecg | ||
| 041 | _aara | ||
| 082 | _a330 | ||
| 100 |
_aصالحي، صالح _eمؤلف |
||
| 245 | 0 |
_aالمنهج التنموي البديل في الإقتصاد الإسلامي : _bدراسة للمفاهيم والأهداف والأولويات وتحليل للأركان والسياسات والمؤسسات / _c صالح صالحي |
|
| 260 |
_aالقاهرة: _bدار الفجر, _c2006 |
||
| 300 |
_a747 صفحة؛ _c24 سم |
||
| 520 | _aطبيعة العملية وأهدافها وأولوياتها في المنهج التنموي البديل رؤية نظرية جديدة لمراجعة المفاهيم والنظريات وتحديد الأهداف والأولويات-أركان وسياسات ومؤسسات المنهج التنموي البديل-دراسة لخصوصية المنهج | ||
| 653 | _aالإقتصاد الإسلامي | ||
| 653 | _aالمنهج التنموي | ||
| 942 | _cكتاب | ||
| 999 |
_c43094 _d43094 |
||